000
00199nam a2200085Ia 4500
008
120527s9999 xx 000 0 und d
100
_a
Porter,R.I.
245
_a
A School course in vectors.
942
_c
BK
999
_c
22236
_d
22236